书目信息 |
| 题名: |
中国鹦鹉:陈查理探案集
|
|
| 作者: | 比格斯 著 | |
| 分册: | ||
| 出版信息: | 北京 群众出版社 1999.07 |
|
| 页数: | 546页 | |
| 开本: | 32开 | |
| 丛书名: | ||
| 单 册: | ||
| 中图分类: | I712.4 | |
| 科图分类: | ||
| 主题词: | 文学 | |
| 电子资源: | ||
| ISBN: | 7-5014-1993-0 | |
| 000 | 00558nam0 2200193 45 | |
| 001 | 0005081700 | |
| 005 | 20000816152422.5 | |
| 010 | @a7-5014-1993-0@d25.00元 | |
| 100 | @a20000508d1999 km y0chiy0120 ea | |
| 101 | @achi | |
| 105 | @a z 000yy | |
| 200 | 1 | @a中国鹦鹉:陈查理探案集@AZhong Guo Ying Wu:Chen Cha Li Tan An Ji@f(美)比格斯著@F(Mei)Bi Ge Si Zhu |
| 210 | @a北京@c群众出版社@d1999.07 | |
| 215 | @a546页@d32开 | |
| 606 | 0 | @a文学 |
| 690 | @aI712.4@v3 | |
| 701 | @a比格斯@4著 | |
| 801 | @aCN@bPftUser@c20000508 | |
| 905 | @dI712.4@eB757@b109010-012@f3 | |
| 中国鹦鹉:陈查理探案集/(美)比格斯著.-北京:群众出版社,1999.07 |
| 546页;32开 |
| ISBN 7-5014-1993-0:25.00元 |
| ● |
| 相关链接 |
|
|
|
正题名:中国鹦鹉:陈查理探案集
索取号:I712.4/B757
 
预约/预借
| 序号 | 登录号 | 条形码 | 馆藏地/架位号 | 状态 | 备注 |
| 1 | 109010 | 201090103 | 文学库116/ [索取号:I712.4/B757] | 在馆 | |
| 2 | 109011 | 201090112 | 文学库116/116文学库 26排3列2层/ [索取号:I712.4/B757] | 在馆 | |
| 3 | 109012 | 201090121 | 文学库116/116文学库 26排3列2层/ [索取号:I712.4/B757] | 在馆 |